00953nam a2200229 a 450000100100000000500170001000800410002702000180006804000250008610000440011124500650015526000570022030000280027749000650030549000350037050000730040583000720047883000420055004900090059295201050060199900170070600003408120200930070746.0110914s2006 ag 000 0 spa d a9789505564835 aDO-SdBNPbspacBNPHU1 aPuiggrós, Rodolfo,d1906-1980.93170213aLas izquierdas y el problema nacional /cRodolfo Puiggrós. aBuenos Aires, Argentina :bEditorial Galerna,c2006. a183 p. :bil. ;c23 cm.1 aHistoria crítica de los partidos políticos Argentinosv31 aBiblioteca popularaDocumentos aIncluye referencias bibliográficas y notas al pie de las páginas 0aHistoria crítica de los partidos políticos Argentinosv3959410 0aBiblioteca popularpDocumentos959411 aBNPD 001050718MOaGRbGRcCTd2011-09-23iLF1l0o p34081-10r2020-06-25w2020-06-25y1ZNo se presta c33572d33572